Bytový dom

Salvato in:
Dettagli Bibliografici
Autore principale: Kudláč, Ondrej (Autore)
Altri autori: Briatka, Peter (Relatore della tesi)
Natura: Manoscritto Libro
Lingua:slovacco
Pubblicazione: 2015
Soggetti:
Accesso online:http://is.stuba.sk/zp/portal_zp.pl?podrobnosti=99428
https://opac.crzp.sk/?fn=detailBiblioForm&sid=FF44C990A7CA883E4D8C5D929FD7
Tags: Aggiungi Tag
Nessun Tag, puoi essere il primo ad aggiungerne!!

MARC

LEADER 00000ntm a22000003a 4500
001 stuzp51826
003 SK-STU
005 20230815111606.4
007 ta
008 150427s2015----xo-----f-mn---000-0-slo-d
040 |a STU  |b slo 
041 0 |a slo 
100 1 |a Kudláč, Ondrej  |u 010270  |4 aut  |U SvF Stavebná fakulta  |T SvF Katedra technológie stavieb  |X 55255  |U V270  |Y 28  |7 55255 
242 0 1 |a Bachelor thesis  |y eng 
245 1 0 |a Bytový dom 
260 |c 2015 
650 4 |a Leier  |2 slo 
650 4 |a Senica  |2 slo 
650 4 |a Murovanie  |2 slo 
650 4 |a Senica  |2 eng 
650 4 |a Leier  |2 eng 
650 4 |a Ondrej  |2 eng 
700 1 |a Briatka, Peter  |4 ths  |X 23787  |7 A000023787 
856 4 |u http://is.stuba.sk/zp/portal_zp.pl?podrobnosti=99428 
856 4 |u https://opac.crzp.sk/?fn=detailBiblioForm&sid=FF44C990A7CA883E4D8C5D929FD7 
SQL |a stuzp51826  |b DBP  |c SLO  |d Bytový dom  |e 55255  |f Kudláč, Ondrej  |g 010270  |h 23787  |i Briatka, Peter  |j 20150622  |k 6  |l 01  |m http://is.stuba.sk/zp/portal_zp.pl?podrobnosti=99428  |n B-TMS  |o 5.2.8. stavebníctvo